000 01490cam a2200421 4500
001 21493
003 VRT
005 20260302143602.0
008 210209s2019 xo gr 000 fdslo
020 _a9788056905265
_q(viazané)
035 _aurn:nbn:sk:snk-am00edp0
035 _aurn:nbn:sk:snk-am3igzv
035 _aF4A6A5B5-341D-4EC9-A83C-597A7DFB2771
039 9 _a202102090837
_bVLOAD
_c202102081057
_dVLOAD
_c202005211007
_dmsnk166
_c202003121007
_dmsnk03
040 _aPPPK
_bslo
_cPPPK
_dSNK
_erda
041 0 _aslo
044 _axo
_cSK
072 7 _a821.162.4-3
_xSlovenská próza
_2konspekt
080 _a821.162.4-31
_22011
100 1 _aMachová, Katarína,
_d1977-
_4aut
245 1 0 _aLovec
_cKatarína Machová
250 _a1. vydanie
264 1 _aBratislava
_bMarenčin PT
_c2019
300 _a142 strán
_c21 cm
336 _atext
_btxt
_2rdacontent
337 _abez média
_bn
_2rdamedia
338 _azväzok
_bnc
_2rdacarrier
500 _aObsahuje stručné biografické údaje o autorke na záložke prebalu publikácie
655 7 _aslovenské romány
_2SNKPH
655 7 _aSlovak fiction
_2SNKPHeng
910 _asnk
942 _2ddc
_cKLDO
_n0
949 _6273K0649384
_asvkpoA 244200
_bsvkpo642498
949 _617A1417241
_asnkSC 188298
_bsnk2020/6381
_o460/20
_s6100:20200601
949 _617A1425272
_asnkSC 188298 D1
_bsnk2020/7713
_o460/20
949 _6270001000641727
_asvkbbA 160164
_bsvkbbm 789246
949 _62889355307
_asavukPV 29757
_bsavuk2020/704
999 _c21493
_d21493